Herby miast województwa podlaskiego - Statystyki

Ogólne statystyki
  • Ten quiz został rozwiązany 30 razy
    28 od ostatniego zresetowania
  • Średni wynik to 18 z 40
Statystyki odpowiedzi
Obrazkowy Odpowiedź % Poprawnych
Łomża
89%
Białystok
67%
Hajnówka
67%
Bielsk Podlaski
61%
Augustów
56%
Brańsk
56%
Czarna Białostocka
56%
Grajewo
56%
Sejny
56%
Suwałki
56%
Goniądz
50%
Supraśl
50%
Szczuczyn
50%
Tykocin
50%
Zambrów
50%
Choroszcz
44%
Ciechanowiec
44%
Czyżew
44%
Dąbrowa Białostocka
44%
Krynki
44%
Mońki
44%
Rajgród
44%
Siemiatycze
44%
Wasilków
44%
Drohiczyn
39%
Knyszyn
39%
Kolno
39%
Michałowo
39%
Nowogród
39%
Sokółka
39%
Stawiski
39%
Suchowola
39%
Szepietowo
39%
Wysokie Mazowieckie
39%
Łapy
33%
Lipsk
33%
Zabłudów
33%
Jedwabne
28%
Kleszczele
28%
Suraż
28%
Nie znaleziono quizów pasujących do podanych kryteriów
Rozkład punktacji
Procent ludzi z każdym wynikiem
Percentyl według liczby udzielonych odpowiedzi
Twoja historia wyników
Nie rozwiązałeś tego quizu od ostatniego zresetowania